Βενετοτουρκικοί και Ρωσοτουρκικοί πόλεμοι στις ελληνικές θάλασσες, 1453-1821
Αποθηκεύτηκε σε:
| Κύριος συγγραφέας: | |
|---|---|
| Μορφή: | Βιβλίο |
| Γλώσσα: | Greek |
| Δημοσίευση: |
Αθήνα :
Ίρις,
1995.
|
| Σειρά: | Ιστορία - Λαογραφία - Ταξίδια ;
3 |
| Θέματα: | |
| Ετικέτες: |
Προσθήκη ετικέτας
Δεν υπάρχουν, Καταχωρήστε ετικέτα πρώτοι!
|
MARC
| LEADER | 00000cam a2200000 i 4500 | ||
|---|---|---|---|
| 001 | 1/87859 | ||
| 008 | 051020s1995 gr | ||| |||| ||gre|| | ||
| 020 | |a 9607422015 | ||
| 035 | |l 10080930 | ||
| 040 | |a GR-MY-UA |b gre |e aacr | ||
| 041 | 0 | |a gre | |
| 082 | 7 | |a 945.47 |2 (22) | |
| 100 | 1 | |a Βάρφης, Κωστής Α., |d 1936-1994. | |
| 245 | 1 | 0 | |a Βενετοτουρκικοί και Ρωσοτουρκικοί πόλεμοι στις ελληνικές θάλασσες, 1453-1821 / |c Κ. Α. Βάρφη. |
| 260 | |a Αθήνα : |b Ίρις, |c 1995. | ||
| 300 | |a 144 σ. : |b εικ. ; |c 21 εκ. | ||
| 490 | 1 | |a (Ιστορία - Λαογραφία - Ταξίδια ; |v 3) | |
| 504 | |a Περιέχει βιβλιογραφία και ευρετήριο. | ||
| 650 | 0 | |a Russo-Turkish Wars, 1676-1878 |x Naval operations. | |
| 651 | 0 | |a Greece |x History, Naval. | |
| 651 | 0 | |a Venice (Italy) |x History |y Turkish Wars, 1453-1571 |x Naval operations. | |
| 651 | 0 | |a Venice (Italy) |x History |y Turkish Wars, 17th century. | |
| 651 | 0 | |a Venice (Italy) |x History |y Turkish Wars, 18th century. | |
| 830 | 0 | |a Ιστορία - Λαογραφία - Ταξίδια ; |v 3 | |
| 852 | |a INST |b LESVOS |e 20051020 |h 945.47 ΒΑΡ |p 005100032857 |q 005100032857 |t BK |y 0 | ||
| 901 | |a BIBL1-2005-3 | ||
| 922 | |a 1ΕΛΗ |b 200510 |c Παράρτημα Λέσβου |d Χατζηδανιήλ | ||
| 970 | |a ΚΑΡΑ |b ΓΙΑΣΕΜΗ |z 2005/10/20 | ||